Dogs: Click the Correct Group 🐕 - Statistics

General Stats
  • This quiz has been taken 142 times
  • The average score is 13 of 27
Answer Stats
Hint Answer % Correct
Basset Hound Hound
90%
Scottish Terrier Terrier
90%
Chihuahua Toy
88%
Bull Terrier Terrier
82%
Pomeranian Toy
76%
Jack Russell Terrier Terrier
72%
Shih Tzu Toy
68%
Border Collie Herding
67%
Pug Toy
63%
Siberian Husky Working
59%
Beagle Hound
53%
St. Bernard Working
49%
German Shepherd Herding
45%
Greyhound Hound
41%
Bulldog Non-Sporting
40%
Golden Retriever Sporting
40%
Labrador Retriever Sporting
39%
Rottweiler Working
39%
Pointer Sporting
37%
Dachshund Hound
36%
Cocker Spaniel Sporting
31%
Poodle (Standard) Non-Sporting
29%
Great Dane Working
29%
Dalmatian Non-Sporting
28%
Boxer Working
25%
Pembroke Welsh Corgi Herding
18%
Boston Terrier Non-Sporting
8%
No matching quizzes found
Score Distribution
Percent of People with Each Score
Percentile by Number Answered
Your Score History
You have not taken this quiz